[Event "Jerusalem Japhet Memorial op 3rd"]
[Site "Jerusalem"]
[Date "2016.07.13"]
[Round "5"]
[White "Zlotogorsky, Itay"]
[Black "Sasson, Roei"]
[Result "0-1"]
[WhiteElo "1954"]
[BlackElo "1763"]
[PlyCount "90"]
[EventDate "2016.07.10"]
[EventType "swiss"]
[EventRounds "7"]
[EventCountry "ISR"]
[SourceTitle "CBM 173 Extra"]
[Source "ChessBase"]
[SourceDate "2016.08.29"]
[SourceVersion "1"]
[SourceVersionDate "2016.08.29"]
[SourceQuality "1"]

1. e4 c5 2. g3 d5 3. exd5 Qxd5 4. Nf3 Bg4 5. Bg2 Qe6+ 6. Kf1 Nc6 7. d3 Qd7 8. Nc3 e6 9. Be3 Rc8 10. h3 Bh5 11. Kg1 f6 12. Kh2 b6 13. Re1 Nge7 14. Qe2 Bf7 15. Ne4 Nf5 16. c3 Be7 17. d4 cxd4 18. Nxd4 Ncxd4 19. Bxd4 Nxd4 20. cxd4 Qxd4 21. Rad1 Qc4 22. Qf3 0-0 23. Rd7 Rc7 24. Red1 Be8 25. Rxc7 Qxc7 26. Rd3 Bb5 27. Re3 e5 28. h4 Qc1 29. Rc3 Qxb2 30. Rc7 Qa3 31. Qxa3 Bxa3 32. Rxa7 Bb4 33. Rb7 Bc4 34. Rxb6 Ba3 35. Rb7 Rd8 36. h5 h6 37. g4 Bc1 38. a4 Bf4+ 39. Ng3 Rd2 40. Kh3 Rxf2 41. Nf5 Bf1 42. Ne7+ Kh7 43. Nf5 Kg8 44. Nh4 Bxg2+ 45. Nxg2 Rf3+ 0-1

[Event "EU-ch 16th"]
[Site "Jerusalem"]
[Date "2015.03.08"]
[Round "11"]
[White "Sasson, Roei"]
[Black "Bochkarev, Yuriy"]
[Result "0-1"]
[WhiteElo "1896"]
[BlackElo "2076"]
[PlyCount "66"]
[EventDate "2015.02.24"]
[EventType "swiss"]
[EventRounds "11"]
[EventCountry "ISR"]
[SourceTitle "CBM 166"]
[Source "ChessBase"]
[SourceDate "2015.05.11"]
[SourceVersion "1"]
[SourceVersionDate "2015.05.11"]
[SourceQuality "1"]

1. e4 d6 2. d4 e5 3. Nf3 exd4 4. Qxd4 Nc6 5. Bb5 Bd7 6. Bxc6 Bxc6 7. Bg5 Nf6 8. Nc3 Be7 9. h4 h6 10. Be3 Qd7 11. 0-0-0 Ng4 12. Rhe1 Bf6 13. Qd2 0-0-0 14. Nd4 Bxh4 15. g3 Bf6 16. Nxc6 Qxc6 17. Bd4 Ne5 18. Qe2 Nd7 19. Nb5 Bxd4 20. Rxd4 Kb8 21. a4 Nc5 22. Rc4 a6 23. Nd4 Qd7 24. Qd2 Ne6 25. Re3 d5 26. Rb4 dxe4 27. Rxe4 c5 28. Rb6 cxd4 29. Qa5 Qd5 30. Qe1 d3 31. cxd3 Qxd3 32. Rxb7+ Kxb7 33. Qb4+ Ka8 0-1

[Event "EU-ch 16th"]
[Site "Jerusalem"]
[Date "2015.03.05"]
[Round "9"]
[White "Sasson, Roei"]
[Black "Kneler, Boris"]
[Result "1-0"]
[WhiteElo "1896"]
[BlackElo "2025"]
[PlyCount "125"]
[EventDate "2015.02.24"]
[EventType "swiss"]
[EventRounds "11"]
[EventCountry "ISR"]
[SourceTitle "CBM 166"]
[Source "ChessBase"]
[SourceDate "2015.05.11"]
[SourceVersion "1"]
[SourceVersionDate "2015.05.11"]
[SourceQuality "1"]

1. e4 c5 2. Nc3 e6 3. f4 a6 4. Nf3 d5 5. d3 Nc6 6. g3 Be7 7. Bg2 d4 8. Nb1 Nf6 9. 0-0 h5 10. Nbd2 Qc7 11. c3 Bd7 12. a4 Rc8 13. cxd4 Nxd4 14. Nxd4 cxd4 15. Nb3 Qb6 16. Bd2 Qa7 17. e5 Ng4 18. Re1 g6 19. Bh3 Nh6 20. Re4 Nf5 21. Bxf5 gxf5 22. Rxd4 h4 23. gxh4 Rxh4 24. Rc1 Rxc1 25. Qxc1 b5 26. Be3 Rg4+ 27. Kf1 Qb7 28. Bf2 bxa4 29. h3 Rg7 30. Rxd7 Kxd7 31. Nc5+ Bxc5 32. Qxc5 Qc6 33. Qf8 Qc1+ 34. Ke2 Qxb2+ 35. Kf3 Qb7+ 36. Ke2 Rh7 37. Qg8 Qb2+ 38. Kf1 Qc1+ 39. Kg2 Qc6+ 40. Kg3 Rxh3+ 41. Kxh3 Qf3+ 42. Bg3 Qh1+ 43. Bh2 Qf3+ 44. Kh4 Ke7 45. Qg3 Qd1 46. Bg1 Kd7 47. Kg5 a3 48. Qg2 Qb1 49. Bd4 Qb4 50. Be3 Qb2 51. Qa8 a2 52. Qa7+ Kc8 53. Qxa6+ Kd7 54. Qa7+ Kc8 55. Bd4 Qg2+ 56. Kf6 Qd5 57. Qa6+ Kd7 58. Qd6+ Qxd6 59. exd6 Kxd6 60. Kxf7 Kd5 61. Bc3 Kd6 62. Kf6 Kd5 63. Ke7 1-0

[Event "EU-ch 16th"]
[Site "Jerusalem"]
[Date "2015.03.03"]
[Round "7"]
[White "Sasson, Roei"]
[Black "Gamayev, Oleg"]
[Result "0-1"]
[WhiteElo "1896"]
[BlackElo "2204"]
[PlyCount "72"]
[EventDate "2015.02.24"]
[EventType "swiss"]
[EventRounds "11"]
[EventCountry "ISR"]
[SourceTitle "CBM 166"]
[Source "ChessBase"]
[SourceDate "2015.05.11"]
[SourceVersion "1"]
[SourceVersionDate "2015.05.11"]
[SourceQuality "1"]

1. e4 c6 2. d4 d5 3. e5 Bf5 4. Nc3 e6 5. g4 Bg6 6. Nge2 c5 7. h4 h6 8. Nf4 Bh7 9. g5 hxg5 10. Nh3 gxh4 11. Ng5 Bf5 12. Ne2 Nc6 13. c3 cxd4 14. Nxd4 Nxd4 15. Qxd4 Ne7 16. Rxh4 Rxh4 17. Qxh4 Nc6 18. Qg3 Qc7 19. Bf4 0-0-0 20. b4 Kb8 21. a3 Ka8 22. Be2 Qd7 23. Rd1 f6 24. Nf3 g5 25. Be3 g4 26. Nh2 Nxe5 27. Nxg4 Nxg4 28. Bxg4 Bd6 29. Qf3 Bxg4 30. Qxg4 Be5 31. c4 Qc6 32. b5 Qe8 33. Bd4 Qg8 34. Qe2 dxc4 35. Qxc4 Qg1+ 36. Ke2 Qxd1+ 0-1

[Event "ISR-chT U18"]
[Site "Hakfar Hayarok"]
[Date "2014.08.19"]
[Round "2.9"]
[White "Aharonovich, Itamar"]
[Black "Sasson, Roei"]
[Result "1-0"]
[WhiteElo "2125"]
[BlackElo "1827"]
[PlyCount "58"]
[EventDate "2014.08.19"]
[EventType "team"]
[EventRounds "7"]
[EventCountry "ISR"]
[SourceTitle "EXT 2015"]
[Source "ChessBase"]
[SourceDate "2014.11.20"]
[SourceVersion "1"]
[SourceVersionDate "2014.11.20"]
[SourceQuality "1"]

1. d4 Nf6 2. c4 g6 3. Nc3 Bg7 4. e4 d6 5. Nf3 0-0 6. Be2 e5 7. 0-0 Nbd7 8. Be3 c6 9. Qc2 Re8 10. d5 cxd5 11. cxd5 Nc5 12. b4 Na6 13. Qb3 Nh5 14. Nd2 Nf4 15. Rfc1 f5 16. Bf1 Nxg2 17. Bxg2 f4 18. Bxa7 Rxa7 19. Nb5 Ra8 20. Nc4 Bf8 21. a3 Nc7 22. Nxc7 Qxc7 23. Nxe5 Qe7 24. Nc4 g5 25. e5 Bg7 26. Nxd6 Bxe5 27. Nxc8 Qd8 28. d6+ Kh8 29. Bxb7 Bg7 1-0